000 00671nam a2200193Ia 4500
003 LDD
008 190117s9999 xx 000 0 und d
020 _a9788189982492
_c₹190
040 _cLDD
041 _ahi
082 _a8H3.7 शि6403ल
100 _aशिरीष, उर्मिला
245 0 _aलकीर तथा अन्य कहानियां
_cउर्मिला शिरीष
260 _aदिल्ली
_bआर्य प्रकाशन मंडल
_c2011
300 _a127पृ.
901 _aKGP
904 _aReqst by : J.K. Shrivastava
942 _2ddc
_cH
999 _c171698
_d171698